000 00309 a2200121 4500
005 20250522115829.0
082 _a658.54 ENR
100 _aENRICK, N. L.
245 _aManagent Operatins Research.
260 _aNew York,
_bHolt,
_c1965.
300 _ax, 320p.: ill.; figure. table
_bIndex
_c21cm.
942 _2ddc
_cBKS
999 _c2510
_d2510